000
00381nam a22001457a 4500
020
_a
9780141037851
_c
Available
082
_a
320 SEN
100
_a
Sen, Amartya
245
_a
The Idea of Justice
_c
Sen, Amartya
260
_a
India
_b
Penguin Books
_c
2009
300
_c
XXVII,468P
_f
Book
942
_2
ddc
_c
BK
999
_c
588338
_d
588338